Yhdysvaltojen presidentit jotka ovat vierailleet Suomessa - Statistics

Yleistilastot
  • Tätä visaa on pelattu 95 kertaa
    72 viimeisimmän päivityksen jälkeen
  • Keskiarvotulos 16 / 22
Vastaustilastot
Vuosi Presidentti Vierailukohde % Oikein
1992 Donald Trump Rauma
100%
2018 Donald Trump Helsinki
100%
2018 Barack Obama Helsinki
96%
1983 George H. W. Bush Helsinki, Naantali
94%
1990 George H. W. Bush Helsinki
94%
1992 George H. W. Bush Helsinki
94%
2011 Joe Biden Helsinki
94%
2023 Joe Biden Helsinki
94%
2002 George H. W. Bush Helsinki
88%
1997 Bill Clinton Helsinki
81%
2006 Bill Clinton Tampere
81%
2019 Bill Clinton Maarianhamina
81%
1988 Ronald Reagan Helsinki
71%
1965 Richard Nixon Helsinki, Valkeakoski
63%
1997 Jimmy Carter Helsinki, Konnevesi
60%
1975 Gerald Ford Helsinki
58%
1995 Gerald Ford Helsinki
58%
1782 John Quincy Adams Viipuri, Hamina, Helsinki, Turku
40%
1963 Lyndon B. Johnson Helsinki, Rovaniemi, Turku
38%
1938 Herbert Hoover Helsinki
37%
1946 Herbert Hoover Helsinki
37%
1878 Ulysses S. Grant Turku, Helsinki
23%
Ehtoja vastaavia visoja ei löytynyt
Tulosjakauma
Jokaisen tuloksen saaneiden osuus
Persentiili vastausten määrän mukaan
Tuloshistoriasi
Et ole pelannut tätä visaa sen viimeisimmän päivityksen jälkeen